| Tag |
First Indicator |
Second Indicator |
Subfields |
| LEADER |
00000cas a2200000 a 4500 |
| 001 |
in00000060232 |
| 005 |
20151008051614.0 |
| 008 |
750824d19571995dcuar1 0uuua0eng |
| 010 |
|
|
|a 58000915
|
| 022 |
|
|
|a 0070-1181
|
| 035 |
|
|
|a (OCoLC)01565305
|
| 035 |
|
|
|9 AAG8927AM
|
| 040 |
|
|
|a MUL
|c MUL
|d NSD
|d DLC
|d OCL
|d NSD
|d IXA
|d NSD
|d SER
|d OCL
|d DLC
|d TXA
|d UtOrBLW
|
| 042 |
|
|
|a nsdp
|a lc
|
| 049 |
|
|
|a TXAE
|
| 050 |
|
0 |
|a Z673.C96
|b A15
|
| 110 |
2 |
|
|a Council on Library Resources.
|
| 210 |
0 |
|
|a Annu. rep. - Counc. Libr. Resour., Inc.
|
| 222 |
|
0 |
|a Annual report - Council on Library Resources, Inc.
|
| 245 |
1 |
0 |
|a Annual report.
|
| 264 |
|
1 |
|a Washington, D.C. :
|b Council on Library Resources,
|c 1957-[1995]
|
| 300 |
|
|
|a 39 volumes :
|b illustrations :
|b 23-28 cm.
|
| 310 |
|
|
|a Annual
|
| 336 |
|
|
|a text
|b txt
|2 rdacontent
|
| 337 |
|
|
|a unmediated
|b n
|2 rdamedia
|
| 338 |
|
|
|a volume
|b nc
|2 rdacarrier
|
| 362 |
0 |
|
|a 1st (June, 30, 1957)-39th (1995).
|
| 500 |
|
|
|a Evans' description based on: 2nd (June 30, 1958).
|
| 515 |
|
|
|a Report year ends June 30.
|
| 580 |
|
|
|a Absorbed in 1996 by: Commission on Preservation and Access. Annual report.
|
| 650 |
|
0 |
|a Library science
|x Research.
|
| 785 |
1 |
4 |
|a Commission on Preservation and Access.
|t Annual report
|x 1057-8064
|w (DLC) 91640781
|w (OCoLC)20686801
|
| 999 |
|
|
|a MARS
|
| 999 |
f |
f |
|s 1752f2a7-aa45-312d-900b-435b6dd89acd
|i 9ca03a28-7c98-32b6-a2cd-a38b05d3d95a
|t 0
|
| 952 |
f |
f |
|p ric
|a Texas A&M University
|b Rellis Campus
|c Joint Library Facility
|d Remote Storage
|t 0
|e Z673.C96 A15
|h Library of Congress classification
|i unmediated -- volume
|k 30th
|l 1986
|m A14809738453
|
| 952 |
f |
f |
|p ric
|a Texas A&M University
|b Rellis Campus
|c Joint Library Facility
|d Remote Storage
|t 0
|e Z673.C96 A15
|h Library of Congress classification
|i unmediated -- volume
|k 21st
|l 1977
|m A14807393485
|
| 952 |
f |
f |
|p ric
|a Texas A&M University
|b Rellis Campus
|c Joint Library Facility
|d Remote Storage
|t 0
|e Z673.C96 A15
|h Library of Congress classification
|i unmediated -- volume
|k 27th
|l 1983
|m A14807873516
|
| 952 |
f |
f |
|p ric
|a Texas A&M University
|b Rellis Campus
|c Joint Library Facility
|d Remote Storage
|t 0
|e Z673.C96 A15
|h Library of Congress classification
|i unmediated -- volume
|k 31st
|l 1987
|m A14810966687
|
| 952 |
f |
f |
|p ric
|a Texas A&M University
|b Rellis Campus
|c Joint Library Facility
|d Remote Storage
|t 0
|e Z673.C96 A15
|h Library of Congress classification
|i unmediated -- volume
|k 23rd
|l 1979
|m A14807387620
|
| 952 |
f |
f |
|p ric
|a Texas A&M University
|b Rellis Campus
|c Joint Library Facility
|d Remote Storage
|t 0
|e Z673.C96 A15
|h Library of Congress classification
|i unmediated -- volume
|k 37th
|l 1993
|m A14817952590
|
| 952 |
f |
f |
|p ric
|a Texas A&M University
|b Rellis Campus
|c Joint Library Facility
|d Remote Storage
|t 0
|e Z673.C96 A15
|h Library of Congress classification
|i unmediated -- volume
|k 36th
|l 1992
|m A14816573953
|
| 952 |
f |
f |
|p ric
|a Texas A&M University
|b Rellis Campus
|c Joint Library Facility
|d Remote Storage
|t 0
|e Z673.C96 A15
|h Library of Congress classification
|i unmediated -- volume
|k 29th
|l 1985
|m A14808672947
|
| 952 |
f |
f |
|p ric
|a Texas A&M University
|b Rellis Campus
|c Joint Library Facility
|d Remote Storage
|t 0
|e Z673.C96 A15
|h Library of Congress classification
|i unmediated -- volume
|k 38th
|l 1994
|m A14818699195
|
| 952 |
f |
f |
|p ric
|a Texas A&M University
|b Rellis Campus
|c Joint Library Facility
|d Remote Storage
|t 0
|e Z673.C96 A15
|h Library of Congress classification
|i unmediated -- volume
|k 2nd/8th
|l 1957/1964
|m A14816650056
|
| 952 |
f |
f |
|p ric
|a Texas A&M University
|b Rellis Campus
|c Joint Library Facility
|d Remote Storage
|t 0
|e Z673.C96 A15
|h Library of Congress classification
|i unmediated -- volume
|k 32nd
|l 1988
|m A14811292497
|
| 952 |
f |
f |
|p ric
|a Texas A&M University
|b Rellis Campus
|c Joint Library Facility
|d Remote Storage
|t 0
|e Z673.C96 A15
|h Library of Congress classification
|i unmediated -- volume
|k 39th
|l 1995
|m A14819471223
|
| 952 |
f |
f |
|p ric
|a Texas A&M University
|b Rellis Campus
|c Joint Library Facility
|d Remote Storage
|t 0
|e Z673.C96 A15
|h Library of Congress classification
|i unmediated -- volume
|k 12th/17th
|l 1968/1973
|m A14816650153
|
| 952 |
f |
f |
|p ric
|a Texas A&M University
|b Rellis Campus
|c Joint Library Facility
|d Remote Storage
|t 0
|e Z673.C96 A15
|h Library of Congress classification
|i unmediated -- volume
|k 35th
|l 1991
|m A14815266731
|
| 952 |
f |
f |
|p ric
|a Texas A&M University
|b Rellis Campus
|c Joint Library Facility
|d Remote Storage
|t 0
|e Z673.C96 A15
|h Library of Congress classification
|i unmediated -- volume
|k 28th
|l 1984
|m A14808800095
|
| 952 |
f |
f |
|p ric
|a Texas A&M University
|b Rellis Campus
|c Joint Library Facility
|d Remote Storage
|t 0
|e Z673.C96 A15
|h Library of Congress classification
|i unmediated -- volume
|k 25th
|l 1981
|m A14807393508
|
| 952 |
f |
f |
|p ric
|a Texas A&M University
|b Rellis Campus
|c Joint Library Facility
|d Remote Storage
|t 0
|e Z673.C96 A15
|h Library of Congress classification
|i unmediated -- volume
|k 9th/11th
|l 1964/1967
|m A14816650103
|
| 952 |
f |
f |
|p ric
|a Texas A&M University
|b Rellis Campus
|c Joint Library Facility
|d Remote Storage
|t 0
|e Z673.C96 A15
|h Library of Congress classification
|i unmediated -- volume
|k 18th/20th
|l 1974/1976
|m A14816650200
|
| 952 |
f |
f |
|p ric
|a Texas A&M University
|b Rellis Campus
|c Joint Library Facility
|d Remote Storage
|t 0
|e Z673.C96 A15
|h Library of Congress classification
|i unmediated -- volume
|k 19th
|l 1975
|m A14816551375
|
| 952 |
f |
f |
|p ric
|a Texas A&M University
|b Rellis Campus
|c Joint Library Facility
|d Remote Storage
|t 0
|e Z673.C96 A15
|h Library of Congress classification
|i unmediated -- volume
|k 34th
|l 1990
|m A14813917069
|
| 952 |
f |
f |
|p ric
|a Texas A&M University
|b Rellis Campus
|c Joint Library Facility
|d Remote Storage
|t 0
|e Z673.C96 A15
|h Library of Congress classification
|i unmediated -- volume
|k 26th
|l 1982
|m A14806409209
|
| 952 |
f |
f |
|p ric
|a Texas A&M University
|b Rellis Campus
|c Joint Library Facility
|d Remote Storage
|t 0
|e Z673.C96 A15
|h Library of Congress classification
|i unmediated -- volume
|k 24th
|l 1980
|m A14807393493
|
| 952 |
f |
f |
|p ric
|a Texas A&M University
|b Rellis Campus
|c Joint Library Facility
|d Remote Storage
|t 0
|e Z673.C96 A15
|h Library of Congress classification
|i unmediated -- volume
|k 22nd
|l 1978
|m A14807394025
|
| 952 |
f |
f |
|p ric
|a Texas A&M University
|b Rellis Campus
|c Joint Library Facility
|d Remote Storage
|t 0
|e Z673.C96 A15
|h Library of Congress classification
|i unmediated -- volume
|k 33rd
|l 1989
|m A14812315882
|
| 998 |
f |
f |
|a Z673.C96 A15
|s 2nd (1957)-39th (1995)
|t 0
|l Remote Storage
|